[Event "Balatonlelle op-B"]
[Site "Balatonlelle"]
[Date "2006.06.24"]
[Round "8.17"]
[White "Nyizsnyik, Bence"]
[Black "Wageneder, Karl"]
[Result "1/2-1/2"]
[WhiteElo "1856"]
[BlackElo "1933"]
[PlyCount "82"]
[EventDate "2006.06.17"]
[EventType "swiss"]
[EventRounds "9"]
[EventCountry "HUN"]
[SourceTitle "EXT 2007"]
[Source "ChessBase"]
[SourceDate "2006.11.23"]
[SourceVersion "1"]
[SourceVersionDate "2006.11.23"]
[SourceQuality "1"]

1. d4 Nf6 2. c4 e6 3. Nc3 b6 4. Nf3 Bb4 5. Qc2 Bb7 6. Bg5 h6 7. Bh4 0-0 8. a3 Be7 9. e4 d6 10. Bd3 Nd5 11. Bxe7 Nxe7 12. 0-0 Nd7 13. Rad1 Ng6 14. Rfe1 a6 15. Bf1 Rc8 16. g3 f5 17. Bg2 f4 18. d5 e5 19. b4 Qf6 20. Qe2 Rcd8 21. Rf1 Bc8 22. Qd2 Nb8 23. Ne2 Bg4 24. gxf4 exf4 25. Ned4 Nd7 26. h3 Bh5 27. Ne6 Nde5 28. Nxe5 Qxe5 29. f3 Rc8 30. Nxf8 Rxf8 31. Kh2 Qe7 32. Qd4 Ne5 33. Rd2 Qg5 34. Rdf2 Qg3+ 35. Kh1 Rf6 36. Qc3 Rg6 37. Qc2 Kh7 38. a4 Kh8 39. a5 bxa5 40. bxa5 Kh7 41. Qe2 Kg8 1/2-1/2

[Event "Balatonlelle op-B"]
[Site "Balatonlelle"]
[Date "2006.06.22"]
[Round "6.25"]
[White "Nyizsnyik, Bence"]
[Black "Fischer, Manfred2222"]
[Result "1/2-1/2"]
[WhiteElo "1856"]
[BlackElo "2022"]
[PlyCount "134"]
[EventDate "2006.06.17"]
[EventType "swiss"]
[EventRounds "9"]
[EventCountry "HUN"]
[SourceTitle "EXT 2007"]
[Source "ChessBase"]
[SourceDate "2006.11.23"]
[SourceVersion "1"]
[SourceVersionDate "2006.11.23"]
[SourceQuality "1"]

1. d4 d6 2. c4 Nf6 3. Nf3 c6 4. Nc3 Nbd7 5. g3 Qc7 6. Bg2 e5 7. d5 Be7 8. e4 0-0 9. 0-0 Re8 10. Qc2 Nf8 11. Be3 Ng4 12. Rac1 Nxe3 13. fxe3 h6 14. b4 a6 15. Rfd1 Nh7 16. Qd2 Ng5 17. c5 Bg4 18. Kf2 Rad8 19. cxd6 Bxd6 20. Qb2 Qb6 21. a3 a5 22. Rb1 axb4 23. axb4 f5 24. Nxg5 Bxd1 25. Ne6 Rxe6 26. dxe6 Bg4 27. Qb3 Kh8 28. Na4 Qa7 29. h3 Bh5 30. exf5 Be7 31. Rb2 Bf6 32. Nc5 e4 33. Ra2 Qb8 34. Bxe4 Be5 35. Nd7 Bxg3+ 36. Kg2 Qc7 37. Rd2 Be1 38. Qc2 Qg3+ 39. Kf1 Bxd2 40. Qxd2 Qxh3+ 41. Kg1 Qg4+ 42. Qg2 Qd1+ 43. Kh2 Rxd7 44. exd7 Qxd7 45. Qb2 Qe7 46. Qd4 Qh4+ 47. Kg2 Qg4+ 48. Kh2 Qe2+ 49. Kg3 Qg4+ 50. Kh2 Qh4+ 51. Kg2 Qe7 52. Bd3 Bf7 53. e4 Kg8 54. e5 Bd5+ 55. Kf2 h5 56. Qf4 b5 57. Qg3 Qxb4 58. f6 Qd2+ 59. Be2 Qh6 60. fxg7 Qxg7 61. Qxg7+ Kxg7 62. Bxh5 Kh6 63. Be2 Kg6 64. Ke3 Kf5 65. Kd4 Ke6 66. Bg4+ Ke7 67. Kc5 Be4 1/2-1/2

[Event "Balatonlelle op-B"]
[Site "Balatonlelle"]
[Date "2006.06.21"]
[Round "5.17"]
[White "Richter, Juergen"]
[Black "Nyizsnyik, Bence"]
[Result "1-0"]
[WhiteElo "2055"]
[BlackElo "1856"]
[PlyCount "101"]
[EventDate "2006.06.17"]
[EventType "swiss"]
[EventRounds "9"]
[EventCountry "HUN"]
[SourceTitle "EXT 2007"]
[Source "ChessBase"]
[SourceDate "2006.11.23"]
[SourceVersion "1"]
[SourceVersionDate "2006.11.23"]
[SourceQuality "1"]

1. d4 Nf6 2. Nf3 g6 3. c4 Bg7 4. Nc3 d5 5. Bg5 c6 6. e3 0-0 7. h3 Be6 8. Qb3 Qc7 9. Bf4 Qb6 10. c5 Qxb3 11. axb3 Bf5 12. Nh4 Be6 13. Bd3 Nbd7 14. b4 a6 15. 0-0 Rfc8 16. g4 Ne8 17. Bg3 f6 18. f4 Bf7 19. f5 g5 20. Nf3 Nc7 21. Bxc7 Rxc7 22. b5 cxb5 23. Bxb5 Rb8 24. Ba4 Rd8 25. b4 b5 26. Bb3 Nb8 27. Rfe1 Kf8 28. e4 dxe4 29. Bxf7 Kxf7 30. Rxe4 Rcd7 31. d5 Rc8 32. Re6 Bf8 33. Kf2 h6 34. Nd4 Ra7 35. c6 Rcc7 36. Ke3 Bg7 37. Kd3 Bf8 38. Ra5 Bg7 39. Ne4 Bf8 40. Nc5 Bg7 41. Re1 Bf8 42. Rea1 e5 43. fxe6+ Ke7 44. Nxb5 axb5 45. Rxa7 Rxa7 46. Rxa7+ Kd8 47. c7+ Kc8 48. cxb8Q+ Kxb8 49. Nd7+ Kxa7 50. Nxf8 Kb7 51. e7 1-0

[Event "Balatonlelle op-B"]
[Site "Balatonlelle "]
[Date "2005.06.25"]
[Round "8"]
[White "Haszon, David"]
[Black "Nyizsnyik, Bence"]
[Result "1-0"]
[WhiteElo "1695"]
[BlackElo "1883"]
[PlyCount "65"]
[EventDate "2005.06.18"]
[EventType "swiss"]
[EventRounds "9"]
[EventCountry "HUN"]
[SourceTitle "EXT 2008"]
[Source "ChessBase"]
[SourceDate "2007.11.25"]
[SourceVersion "1"]
[SourceVersionDate "2007.11.25"]
[SourceQuality "1"]

1. e4 e5 2. Nf3 Nc6 3. Bb5 a6 4. Ba4 Nf6 5. d4 exd4 6. e5 Ne4 7. 0-0 Nc5 8. c3 Nxa4 9. Qxa4 dxc3 10. Nxc3 d6 11. Re1 Be7 12. exd6 cxd6 13. Nd5 0-0 14. Nxe7+ Nxe7 15. Bg5 f6 16. Bf4 Ng6 17. Rad1 Nxf4 18. Qxf4 Qb6 19. h3 Rd8 20. Qc4+ Kh8 21. Re7 Rg8 22. Nh4 Qc5 23. Qe4 Qg5 24. Re1 d5 25. Qa4 b5 26. Qd4 Bg4 27. f3 Qxh4 28. fxg4 Qg5 29. h4 Qxh4 30. Qxd5 h6 31. Rxg7 Kxg7 32. Re7+ Kh8 33. Qf7 1-0

[Event "HUN-chT2 Asztalos 0405"]
[Site "Hungary"]
[Date "2005.04.10"]
[Round "10"]
[White "Nyizsnyik, Bence"]
[Black "Manyoki, Anna"]
[Result "0-1"]
[WhiteElo "1902"]
[BlackElo "1836"]
[PlyCount "150"]
[EventDate "2004.09.26"]
[EventType "team"]
[EventRounds "11"]
[EventCountry "HUN"]
[SourceTitle "EXT 2009"]
[Source "ChessBase"]
[SourceDate "2008.11.26"]
[SourceVersion "1"]
[SourceVersionDate "2008.11.26"]
[SourceQuality "1"]
[WhiteTeam "Aquaprofit"]
[BlackTeam "MAV Elore"]
[WhiteTeamCountry "HUN"]
[BlackTeamCountry "HUN"]

1. e4 e5 2. Nf3 Nc6 3. Bb5 a6 4. Ba4 Nf6 5. 0-0 Be7 6. Re1 b5 7. Bb3 0-0 8. c3 d5 9. exd5 Nxd5 10. Nxe5 Nxe5 11. Rxe5 c6 12. d4 Bd6 13. Re1 Qh4 14. g3 Qh3 15. Qf3 Bg4 16. Qg2 Qh5 17. Nd2 Rae8 18. Re4 Bf3 19. Qxf3 Qxf3 20. Nxf3 Rxe4 21. Bxd5 cxd5 22. Be3 f5 23. Ng5 Ree8 24. Nh3 h6 25. Bd2 Re2 26. Rd1 a5 27. Kf1 Re7 28. f4 b4 29. Ng1 Rc8 30. Ne2 Kf7 31. Kf2 Kf6 32. h4 Re4 33. Rc1 Rce8 34. Re1 Rb8 35. Rd1 Rbe8 36. Re1 Kf7 37. Nc1 Rxe1 38. Bxe1 g5 39. Nd3 gxf4 40. gxf4 Re4 41. Bd2 bxc3 42. bxc3 Kg6 43. Kf3 Kh5 44. Nf2 Re8 45. Nh1 Kxh4 46. Ng3 Rf8 47. Be1 Kh3 48. Bf2 Be7 49. Nf1 Rc8 50. Be1 Bh4 51. Bd2 Rb8 52. Ne3 Rb2 53. Ke2 Bg3 54. Nxd5 Rxa2 55. Kd3 a4 56. Nb4 Rxd2+ 57. Kxd2 Bxf4+ 58. Ke2 Bd6 59. Na2 Kg3 60. c4 f4 61. Kf1 h5 62. c5 Be7 63. Nb4 a3 64. c6 Bd6 65. Na2 h4 66. Nc3 h3 67. Ne4+ Kf3 68. Nd2+ Kg4 69. Nb3 h2 70. Kg2 f3+ 71. Kh1 f2 72. Nd2 a2 73. Kg2 h1Q+ 74. Kxh1 a1Q+ 75. Kg2 Qg1# 0-1

[Event "HUN-chT2 Asztalos 0405"]
[Site "Hungary"]
[Date "2005.03.06"]
[Round "9"]
[White "Szijarto, Attila"]
[Black "Nyizsnyik, Bence"]
[Result "1-0"]
[WhiteElo "1938"]
[BlackElo "1902"]
[PlyCount "102"]
[EventDate "2004.09.26"]
[EventType "team"]
[EventRounds "11"]
[EventCountry "HUN"]
[SourceTitle "EXT 2009"]
[Source "ChessBase"]
[SourceDate "2008.11.26"]
[SourceVersion "1"]
[SourceVersionDate "2008.11.26"]
[SourceQuality "1"]
[WhiteTeam "Nagyatad"]
[BlackTeam "Aquaprofit"]
[WhiteTeamCountry "HUN"]
[BlackTeamCountry "HUN"]

1. e4 e5 2. f4 exf4 3. Nf3 Nf6 4. e5 Nd5 5. c4 Nb6 6. d4 d5 7. c5 N6d7 8. Bxf4 b6 9. b4 a5 10. Qb3 c6 11. Qe3 Qe7 12. Bd3 g6 13. 0-0 Bg7 14. h4 0-0 15. Bh6 axb4 16. Bxg7 Kxg7 17. cxb6 Nxb6 18. Nbd2 Be6 19. Ng5 N8d7 20. h5 c5 21. Nxe6+ Qxe6 22. dxc5 Qxe5 23. h6+ Kg8 24. Qxe5 Nxe5 25. cxb6 Nxd3 26. Nb3 Rfd8 27. Rfd1 Ne5 28. Rd4 Nc4 29. b7 Rab8 30. Rad1 Re8 31. Nc5 f5 32. Rb1 Re4 33. Rxd5 Na5 34. Nd7 Ree8 35. Rxa5 Rxb7 36. Nf6+ Kf7 37. Nxe8 Kxe8 38. Ra4 Rc7 39. Raxb4 Ra7 40. Rb8+ Kd7 41. R8b7+ Rxb7 42. Rxb7+ Ke6 43. a4 Kd5 44. a5 Kc6 45. a6 Kd5 46. a7 Ke4 47. a8Q Kf4 48. Rb4+ Kg5 49. Qd8+ Kxh6 50. Rh4+ Kg7 51. Qe7+ Kg8 1-0

[Event "Zalakaros op 23rd"]
[Site "Zalakaros"]
[Date "2004.05.20"]
[Round "7"]
[White "Dlauchy, Peter"]
[Black "Nyizsnyik, Bence"]
[Result "1-0"]
[WhiteElo "2068"]
[BlackElo "1787"]
[PlyCount "109"]
[EventDate "2004.05.14"]
[EventType "swiss"]
[EventRounds "9"]
[EventCountry "HUN"]
[SourceTitle "EXT 2008"]
[Source "ChessBase"]
[SourceDate "2007.11.25"]
[SourceVersion "1"]
[SourceVersionDate "2007.11.25"]
[SourceQuality "1"]

1. e4 e5 2. Nf3 Nc6 3. d4 exd4 4. Bc4 Nf6 5. 0-0 Bc5 6. e5 d5 7. exf6 dxc4 8. Re1+ Be6 9. Ng5 Qxf6 10. Nxe6 fxe6 11. Qh5+ Kd7 12. Qxc5 Rhf8 13. Rf1 Qe5 14. Qxc4 h5 15. Nd2 Qf6 16. Nf3 e5 17. Qd5+ Kc8 18. Bg5 Qf5 19. h4 Re8 20. Rfe1 Nb4 21. Qb5 Nc6 22. Nxd4 Qd7 23. Nxc6 Qxc6 24. Qxc6 bxc6 25. Rad1 Rb8 26. b3 g6 27. Rd3 Rb5 28. Rde3 Ra5 29. a4 Rc5 30. c4 Kd7 31. f4 Kd6 32. fxe5+ Rcxe5 33. Rxe5 Rxe5 34. Bf4 Kc5 35. Rxe5+ Kb4 36. Re3 a6 37. Bxc7 Ka3 38. Re6 Kxb3 39. Rxc6 Kxa4 40. Rxa6+ Kb4 41. Rxg6 Kxc4 42. Rg5 Kd4 43. Rxh5 Ke4 44. Ra5 Kd4 45. h5 Kc4 46. h6 Kb4 47. h7 Kc4 48. h8Q Kd3 49. Qh4 Kc3 50. Ra3+ Kb2 51. Qb4+ Kc2 52. Qc3+ Kd1 53. Qd3+ Kc1 54. Bf4+ Kb2 55. Qb3# 1-0

[Event "Zalakaros op 23rd"]
[Site "Zalakaros"]
[Date "2004.05.16"]
[Round "3"]
[White "Nyizsnyik, Bence"]
[Black "Zagar, Marian"]
[Result "1-0"]
[WhiteElo "1787"]
[BlackElo "1783"]
[PlyCount "95"]
[EventDate "2004.05.14"]
[EventType "swiss"]
[EventRounds "9"]
[EventCountry "HUN"]
[SourceTitle "EXT 2008"]
[Source "ChessBase"]
[SourceDate "2007.11.25"]
[SourceVersion "1"]
[SourceVersionDate "2007.11.25"]
[SourceQuality "1"]

1. e4 c5 2. Nf3 e6 3. d4 cxd4 4. Nxd4 Ne7 5. Nc3 a6 6. Be3 Ng6 7. Be2 Be7 8. 0-0 0-0 9. Qd2 d6 10. f4 Nd7 11. f5 exf5 12. Nxf5 Nde5 13. Rad1 Bxf5 14. exf5 Nh8 15. Ne4 f6 16. Nxd6 Bxd6 17. Qxd6 Qa5 18. Qd5+ Qxd5 19. Rxd5 Nhf7 20. Bf4 Rac8 21. c3 Rfe8 22. Bh5 Re7 23. Bxf7+ Kxf7 24. Bxe5 fxe5 25. Re1 Kf6 26. g4 Rc4 27. h3 h5 28. Rd6+ Kg5 29. Rg6+ Kh4 30. Kg2 e4 31. Re6 Rcc7 32. R1xe4 Rxe6 33. fxe6 Re7 34. Kf3 g5 35. gxh5+ Kxh5 36. Kg3 Kg6 37. Kg4 Kf6 38. c4 b6 39. b4 Kg6 40. c5 bxc5 41. bxc5 Kf6 42. c6 a5 43. a4 Rc7 44. e7 Rxe7 45. Rxe7 Kxe7 46. Kxg5 Kd6 47. c7 Kxc7 48. h4 1-0